000 00743nam a2200289Ia 4500
005 20260324124535.0
008 008 260324s9999 xx 000 0 eng d
020 _a9780203854358
037 _aEBOOK
040 _aCRL
040 _beng
040 _cCRL
041 _2eng
041 _aeng
084 _qCRL
100 _aTerry Locke
_91160913
245 0 _aBeyond the Grammar Wars
245 2 _bA Resource for Teachers and Students on Developing Language Knowledge in the English/Literacy Classroom
260 _bTaylor and Francis
260 _c2010
365 _a
365 _b255
856 _uhttp://www.taylorfrancis.com/books/9780203854358
942 _cEBOOK
999 _c1769008
_d1769008